000 00605cam a22001933a 4500
001 39908
003 PGUSA
005 20140828083905.0
008 120603s2012||||xxu|||||s|||||000 | eng d
040 _aPGUSA
_beng
042 _adc
245 1 0 _aEncyclopaedia Britannica, 11th Edition, Volume 14, Slice 6 :
_b"Inscriptions" to "Ireland, William Henry"
_h[electronic resource] /
_cVarious
260 _bProject Gutenberg,
_c2012
506 _aPublic domain in the USA.
516 _aElectronic text
830 0 _aProject Gutenberg
_v39908
856 4 0 _uhttp://www.gutenberg.org/ebooks/39908
942 _cEB
999 _c269161
_d269161